000
00251nam a2200097Ia 4500
001
1073682
005
20250827002206.0
008
250824s9999 xx 000 0 und d
245
0
_a
SİZ YAŞLANIRKEN BEYNİNİZ
_c
KOMİSYON
260
_b
ORENDA YAYINLARI
999
_c
1073682
_d
1073682